[Event "Memorijal Nesic Predrag IM 202"]
[Site "Pozarevac"]
[Date "2022.02.10"]
[Round "3.2"]
[White "Klukin, Kirill"]
[Black "Dudukovic, Nikola"]
[Result "0-1"]
[WhiteElo "2374"]
[BlackElo "2362"]
[Annotator "TA"]
[PlyCount "90"]
[EventDate "2022.02.08"]
[EventType "tourn"]
[EventCountry "SRB"]
[SourceTitle "playchess.com"]
[Source "ChessBase"]
[SourceQuality "1"]

{[%evp 16,90,19,27,21,19,34,21,35,34,26,13,45,16,49,36,58,33,26,20,88,21,25,6,232,211,659,195,191,191,190,196,166,175,181,186,199,18,39,19,24,0,0,0,0,-131,-40,-39,-40,-37,0,-46,53,60,216,0,0,0,0,-156,-159,-354,-332,-1074,-1058,-29985,-29986,-29986,-29987,-29987,-29988,-29988,-29989,-29989,-29990,-29990,-29991]} 1. d4 Nf6 2. c4 e6 3. Nc3 d5 4. Bg5 Be7 5. Nf3 O-O 6. e3 c6 7. Qc2 Nbd7 8. Rd1 h6 $1 {[%mdl 4] now scores much better than the old 8...Re8.} 9. Bf4 Re8 {D61: Queen's Gambit Declined: Classical: 7 Qc2.} 10. Be2 {[#]} b6 $146 ({Predecessor:} 10... Bb4 11. O-O Bxc3 12. bxc3 Ne4 13. cxd5 exd5 14. c4 Ndf6 15. Ne5 Be6 16. cxd5 Bxd5 17. f3 {½-½ (33) Hesselbarth,K (1725)-Bolle,D (1599) Berlin 2016}) 11. cxd5 exd5 {The position is equal.} 12. O-O {[%cal Oc3b5]} Bb7 13. Ne5 Qc8 14. Bg3 Bf8 15. f4 a5 16. Bf3 b5 17. Bh4 Nb6 (17... Ba6 $11) 18. g4 (18. Bxf6 $16 gxf6 19. Bh5 $1) 18... b4 $11 {[#]} 19. g5 $1 {[%cal Bg4g5,Bg5f6][%mdl 32]} bxc3 $2 (19... hxg5 $11 {and Black has nothing to worry.} 20. fxg5 Rxe5 $1 21. dxe5 Ng4) (19... Rxe5 20. fxe5) 20. gxf6 $18 cxb2 $2 (20... Qh3) 21. Bh5 $2 (21. Bg4 Qc7 22. Bh5) 21... Rxe5 (21... g6 $2 22. Nxg6 $1 {[%mdl 512]} Rxe3 23. Ne7+ Rxe7 24. fxe7 $18) 22. fxe5 g6 23. Qg2 {[%cal Oh5g6]} ({Worse is} 23. Qxb2 Nc4 24. Qe2 (24. Qg2 Nxe3 25. Qg3 Nxf1 $15) 24... Qh3 $11) 23... Kh7 24. Bg4 ({Not} 24. Qxb2 Nc4 25. Qe2 Ba6 $17) 24... Qe8 25. Qxb2 Bb4 26. Be2 $2 (26. Qg2 $18) 26... Na4 $1 $11 27. Qc2 Nc3 28. Bd3 Nxd1 29. Rxd1 Ba6 {[%cal Oc6c5]} 30. a3 (30. Bg3 $11 {keeps the balance.}) 30... Bf8 ({Black should play} 30... Bxa3 $17 {And now ...Bxd3 would win.} 31. Bxa6 Rxa6) 31. Bxa6 Rxa6 32. Rb1 Qc8 33. Bg3 (33. Qb2 $11 {was preferrable.}) 33... c5 ({Better is} 33... Bxa3 $15 34. e4 Ra8) 34. e4 $1 $14 dxe4 (34... h5 $1 $14) 35. d5 $2 ({Weaker is} 35. Qxe4 cxd4 36. Rb7 Kg8 $15) (35. Qc4 $18 Ra7 36. d5) 35... c4 $11 {[%cal Bc5c4,Bc4c3][%mdl 32] ...Qc5+ is the strong threat.} 36. Qxe4 {Threatens to win with Rc1.} Bxa3 {White must now prevent ...c3.} 37. d6 $2 {[#]} (37. Re1 $11 c3 38. e6) 37... c3 $1 $17 {Strongly threatening ...c2.} 38. Qb7 $2 {[#]} (38. Rb7 $17 c2 39. Rxf7+ Kh8 40. Rf8+ Qxf8 41. Qxc2) 38... Qc4 $1 $19 {aiming for ...c2.} 39. e6 $2 {[#]} (39. Kg2 c2 40. Re1) 39... Ra7 $1 {[%mdl 512]} 40. exf7 (40. Qxa7 Bc5+) 40... Rxb7 {Black mates.} 41. Rxb7 Bc5+ 42. Bf2 Qg4+ 43. Kf1 Qd1+ 44. Kg2 Qd5+ 45. Kf1 Qxb7 {What a bad dream for White.  Weighted Error Value: White=0.88/Black=0.35} 0-1

[Event "Memorijal Nesic Predrag IM 202"]
[Site "Pozarevac"]
[Date "2022.02.10"]
[Round "3.3"]
[White "Petrovic, Aleksa"]
[Black "Milosevic, Milos"]
[Result "0-1"]
[WhiteElo "2296"]
[BlackElo "2296"]
[Annotator "TA"]
[PlyCount "82"]
[EventDate "2022.02.08"]
[EventType "tourn"]
[EventCountry "SRB"]
[SourceTitle "playchess.com"]
[Source "ChessBase"]
[SourceQuality "1"]

{[%evp 9,82,22,29,19,27,16,23,21,26,26,29,33,24,24,28,-125,-122,-202,-212,-206,-217,-207,-162,-150,-79,-65,-77,-67,-65,-69,-54,-68,-55,-81,-83,-217,-217,-217,-217,-217,-217,-217,-217,-217,-217,-238,-166,-246,-189,-263,-263,-573,-571,-563,-541,-659,-344,-652,-638,-912,-905,-902,-898,-934,-923,-1420,-1406,-1264,-1187,-29994,-29995,-29997,-29998,-29998,-29999]} 1. d4 Nf6 2. Nf3 g6 3. Nbd2 d5 4. e3 Bg7 5. b4 O-O 6. Be2 {D02: 1 d4 d5 2 Nf3 sidelines, including 2...Nf6 3 g3 and 2...Nf6 3 Bf4.} Nbd7 {[%cal Bb8d7,Bd7b6,Bb6d5,Bd5c3][%mdl 32]} 7. c4 c6 8. a4 {[#] White has an edge.} dxc4 $146 ({Predecessor:} 8... Qc7 9. Bb2 b6 10. Rc1 Qb7 11. O-O Re8 12. Qb3 h6 13. cxd5 Nxd5 14. Bc4 e6 {1-0 (39) Salinas Herrera,P (2514)-Manon Og,R (2122) Philadelphia 2021}) 9. Nxc4 Nb6 10. Na5 Nbd5 {[%cal Oc6c5]} 11. Bd2 Ne4 12. O-O $2 {[#]} (12. Rc1 $11) 12... c5 $1 $17 {Black is more active.} 13. bxc5 (13. Bc4 $17) 13... Ndc3 $19 14. Bxc3 Nxc3 15. Qd2 Qxa5 16. Bb5 {[#]} b6 (16... a6 $142 $1 {[%cal Ra6b5]} 17. Bd3 b6) 17. Rfc1 $17 Nxb5 18. Qxa5 bxa5 19. axb5 Rb8 20. Rxa5 Bf5 $1 21. c6 Rfc8 22. Rc3 {To avoid Bd3. This move loses the game for White.} (22. Ne1 $17) 22... a6 $1 $19 23. Rxa6 Rxb5 24. h3 Rb1+ 25. Kh2 Rb2 26. Kg3 Bf6 27. Rc5 Rc7 28. Ne5 (28. d5 {was called for.}) 28... Kg7 29. Nc4 (29. Ng4 $142) 29... Rc2 30. f3 $2 (30. Raa5) 30... Bd3 31. Ra4 Bf1 32. f4 Rxg2+ 33. Kf3 Rc2 34. d5 Bg2+ 35. Kg3 Be4 {[%csl Ge4][%cal Rc2g2]} 36. h4 Bc3 37. f5 Be1+ 38. Kf4 gxf5 {( -> ...Rf2+)} 39. Ra3 Kf6 {Black mates.} 40. d6 Rf2+ 41. Kg3 Rf1+ {Weighted Error Value: White=0.86/Black=0.08 (flawless)} 0-1

[Event "Memorijal Nesic Predrag IM 202"]
[Site "Pozarevac"]
[Date "2022.02.10"]
[Round "3.4"]
[White "Sanz Wawer, Daniel"]
[Black "Milanovic, Slavisa"]
[Result "1/2-1/2"]
[WhiteElo "2371"]
[BlackElo "2296"]
[Annotator "TA"]
[PlyCount "87"]
[EventDate "2022.02.08"]
[EventType "tourn"]
[EventCountry "SRB"]
[SourceTitle "playchess.com"]
[Source "ChessBase"]
[SourceQuality "1"]

{[%evp 14,87,0,4,45,44,54,53,41,47,48,43,46,45,58,33,36,33,36,39,38,37,43,42,55,49,75,79,51,38,45,44,46,33,32,39,48,49,42,0,0,0,0,0,0,0,0,0,0,0,0,-18,-14,-13,-25,-103,0,0,0,0,0,0,0,0,0,0,0,0,0,0,0,0,0,0,0,0]} 1. d4 e6 2. c4 Nf6 3. Nc3 Bb4 4. Qc2 Nc6 5. Nf3 d6 6. e3 O-O 7. a3 Bxc3+ 8. Qxc3 Qe7 {is the legacy move (8...e5). E33: Nimzo-Indian: Classical: 4...Nc6.} (8... a5 $11) 9. b4 $14 e5 10. dxe5 Nxe5 {White is slightly better.} 11. Nxe5 Qxe5 12. Qxe5 dxe5 {[#]} 13. Bb2 $146 ({Predecessor:} 13. Be2 Be6 14. Bb2 Nd7 15. c5 f6 16. O-O Rfd8 17. Rfd1 Nf8 18. Kf1 Bb3 19. Rxd8 Rxd8 20. Ke1 Ne6 {½-½ (20) Lengyel,L-Ivkov,B Wijk aan Zee 1971}) 13... Re8 {[%cal Oc7c5]} 14. Be2 c5 15. O-O Be6 16. Rfd1 Rac8 17. b5 Nd7 18. a4 Nb6 19. Rdc1 $1 a5 20. bxa6 (20. Bc3 {with more complications.} Nxc4 21. Be1 Nb2 22. Bxa5 Ra8 23. Bc7) 20... bxa6 21. Bxe5 {A strong pair of Bishops.} Bxc4 $1 22. Bxc4 Nxc4 23. Rxc4 Rxe5 $16 {[%mdl 4096] Endgame KRR-KRR} 24. Rb1 Kf8 25. Rb6 Re6 $1 26. Rxe6 (26. Rb2 $14 {feels stronger.}) 26... fxe6 $14 {KR-KR} 27. Kf1 Ke7 28. Ke2 Kd6 29. Rh4 h6 30. Kd3 Rb8 31. Kc3 a5 32. Rf4 Rb4 {Strongly threatening ...Rxf4.} 33. Rf7 g5 34. Rf6 {[#]} (34. Rh7 $11 {keeps the balance.}) 34... Rxa4 (34... Rh4 $1 $17 35. Rf8 Rxa4) 35. Rxh6 $11 {The position is equal.} Ra2 36. Rg6 Rxf2 37. Rxg5 a4 38. Rg4 a3 {[#] And now ...Kd5 would win.} 39. Kb3 a2 40. Ra4 c4+ 41. Kxc4 Rxg2 {( -> ...Rg4+)} 42. Ra6+ Ke5 43. h4 Rh2 44. Kd3 {Weighted Error Value: White=0.08 (flawless) /Black=0.07 (flawless)} 1/2-1/2

[Event "Memorijal Nesic Predrag IM 202"]
[Site "Pozarevac"]
[Date "2022.02.10"]
[Round "3.5"]
[White "Kandjolas, Konstantin"]
[Black "Spasic, Petar"]
[Result "0-1"]
[WhiteElo "2084"]
[BlackElo "2334"]
[Annotator "TA"]
[PlyCount "99"]
[EventDate "2022.02.08"]
[EventType "tourn"]
[EventCountry "SRB"]
[SourceTitle "playchess.com"]
[Source "ChessBase"]
[SourceQuality "1"]

{[%evp 12,99,14,4,2,2,20,14,31,0,14,-11,0,0,0,0,63,0,0,-4,0,0,-3,-7,-2,0,0,0,0,0,0,0,0,0,0,0,0,-27,-24,-57,0,0,0,-11,-22,-55,-31,-36,-16,-22,0,0,0,0,0,0,8,8,8,8,40,0,0,0,0,-135,-115,-668,-668,-738,-729,-668,-606,-590,-558,-806,-779,-713,-676,-1394,-1294,-1388,-1369,-1315,-1254,-1165,-1087,-3111,-2692,-1006]} 1. Nf3 c5 2. c4 g6 3. Nc3 Bg7 4. g3 Nc6 5. Bg2 d6 6. O-O Bd7 {6...Bf5 is a critical line.} 7. d3 Qc8 {A37: Symmetrical English vs ...g6: 4 Bg2 Bg7 5 Nf3.} 8. Re1 Rb8 9. Rb1 {[#]} a6 $146 {The position is equal.} ({Predecessor:} 9... Nh6 10. Bd2 Nf5 11. a3 h5 12. h4 Nfd4 13. b4 O-O 14. b5 Nxf3+ 15. exf3 Nd4 {0-1 (51) Lecou,R (1870)-Weill,S (2003) Montpellier 2008}) 10. a3 b5 11. Bd2 Nf6 12. cxb5 axb5 13. b4 Qa6 (13... cxb4 $11 14. axb4 O-O) 14. a4 (14. bxc5 $14 dxc5 15. Bf4) 14... Nxb4 $11 {[%cal Rb5a4]} 15. Nxb5 {Hoping for Nc7+.} (15. axb5 {looks sharper.} Bxb5 16. Nxb5 Rxb5 17. Ra1 Ra5 18. Bxb4 cxb4 19. Nd4) 15... Bxb5 16. axb5 Rxb5 17. Bxb4 Rxb4 18. Rxb4 cxb4 19. Qb3 $1 O-O $36 {[%mdl 2048] Black is more active.} 20. Qxb4 Nd5 21. Qb3 Nc3 22. Bf1 Qa7 23. e3 Rb8 24. Qc2 (24. Qc4 $5 {[%cal Rd3d4]}) 24... Qa3 25. Nd2 Qb4 ({Black should play} 25... d5 $1 $15 26. d4 Rb2) 26. Rc1 Rc8 {[%cal Oc3e2] Threatens to win with ...Ne2+!} 27. Kg2 Qb7+ 28. e4 Bh6 29. f4 e5 30. Nc4 {[#]} (30. Nb1 $2 {[#]} exf4 $1 31. Nd2 (31. Nxc3 $2 f3+ 32. Kxf3 Bxc1 $19) 31... d5 $19) 30... Rxc4 31. dxc4 Nxe4 {[%cal Bc3e4,Be4d2,Bd2f3][%mdl 32]} 32. Rb1 Qa8 33. Qb2 Nd2+ 34. Qb7 Qa3 35. Re1 e4 {Really sharp!} 36. Be2 {To avoid Qf3+} (36. Kh1 $5 {[%cal Rf1g2]}) 36... Qe3 37. Qb8+ Bf8 {aiming for ...Nf3.} 38. Qa8 (38. Qe8 $11) 38... Nf3 $1 $17 {Black is more active.} 39. Qa1 {[%mdl 8192] This move loses the game for White.} ({But not} 39. Bxf3 $2 exf3+ 40. Qxf3 (40. Kf1 $2 Qd3+ 41. Kg1 Qd2 $19) 40... Qxe1 $19) (39. Qa5 $17) 39... Qd2 $19 {Black is clearly winning.} 40. Kf1 d5 {White must now prevent ...Bc5.} ({Not} 40... Nxe1 41. Qxe1 Qe3 42. Qf2 $17) 41. Qd1 Qxe1+ 42. Qxe1 Nxe1 43. Kxe1 {[%mdl 4096] Endgame KB-KB} Bb4+ 44. Kf2 d4 {Strongly threatening ...f5.} 45. Bd1 f5 46. Ba4 Bc5 47. Ke2 Kf7 48. Bc6 Kf6 49. g4 Bd6 50. g5+ {Weighted Error Value: White=0.53/Black=0.11 (very precise)} 0-1

[Event "Memorijal Nesic Predrag IM 202"]
[Site "Pozarevac"]
[Date "2022.02.11"]
[Round "5.1"]
[White "Dev, Shah"]
[Black "Dudukovic, Nikola"]
[Result "1-0"]
[WhiteElo "2272"]
[BlackElo "2362"]
[Annotator "TA"]
[PlyCount "97"]
[EventDate "2022.02.08"]
[EventType "tourn"]
[EventCountry "SRB"]
[SourceTitle "playchess.com"]
[Source "ChessBase"]
[SourceQuality "1"]

{[%evp 21,97,70,64,56,62,33,41,52,58,19,41,0,0,0,25,0,0,-72,0,-26,-33,-43,0,0,0,0,0,-17,-4,-10,0,0,174,0,493,555,510,508,579,572,580,567,587,580,600,585,544,543,787,610,538,520,1033,642,635,624,609,609,922,871,5110,5106,5214,5221,5206,5193,4787,1997,3577,3075,6119,5227,29976,29977,29977,29978,29978,29979]} 1. d4 Nf6 2. c4 c5 3. d5 b5 4. cxb5 a6 5. bxa6 Bxa6 6. Nc3 d6 7. Nf3 g6 8. e4 Bxf1 9. Kxf1 Bg7 10. g3 O-O 11. Kg2 Na6 {[%cal Bb8a6,Ba6c7,Bc7b5,Bb5d4][%mdl 32]} 12. Qe2 {White is more active. A59: Benko/Volga Gambit: White castles by hand.} Qb6 13. Nd2 Nc7 $1 14. Nc4 {White is slightly better.} Qa6 15. Bd2 Nd7 {[#]} 16. Rhc1 $146 (16. a4 $14 {is superior.}) ({Predecessor:} 16. h4 h5 17. Rac1 Nb5 18. Nxb5 Qxb5 19. Bc3 Rxa2 20. g4 Bxc3 21. Rxc3 Nf6 22. gxh5 Nxh5 {½-½ (36) Galliamova,A (2421)-Pogonina,N (2467) Ufa 2021}) 16... Rfb8 $11 17. b3 Nb5 18. Qd1 Nd4 19. Na4 (19. Rab1 $11) 19... Ne5 (19... Rf8 $1 $17) 20. Nxe5 Bxe5 21. Bc3 Bg7 (21... Qe2 $1 $15 {is more appropriate.} 22. Qxe2 Nxe2) 22. Bxd4 Bxd4 23. Rab1 Rb4 24. a3 Rb7 {[%mdl 1024] Black has compensation.} 25. Rc4 {[%cal Oa4c5]} Qb5 26. Qc1 Qa6 $2 {[#] Black is on the road to losing.} (26... Qa5 $11 {and Black has nothing to worry.}) 27. Qc2 $2 (27. Nxc5 $1 $18 {[%mdl 512]} Bxc5 28. Ra4 Qxa4 29. bxa4 Rxb1 30. Qxb1 Rxa4 31. e5) 27... Bf6 $2 {[%mdl 8192] [#]} (27... Rbb8 $11 {and Black is okay.}) 28. Nxc5 $1 $18 {[%mdl 512]} dxc5 29. Ra4 Qxa4 30. bxa4 {[%cal Bb3a4,Ba4a5][%mdl 32]} Rc7 31. Qc4 Bd4 32. Rb5 Kg7 33. a5 Rca7 34. f4 {[%cal Bf2f4,Bf4e5,Be5d6][%mdl 32]} f6 35. e5 fxe5 36. fxe5 Rxa5 (36... Bxe5 $142 37. Qxc5 h5) 37. Rxa5 Rxa5 {[%mdl 4096] Endgame KQ-KRB} 38. d6 exd6 39. exd6 Bf6 40. a4 {aiming for Qe4.} Bd8 41. Qc3+ Kf7 42. Qh8 Ra8 43. Qxh7+ Kf6 44. Qd7 {Threatens to win with Qc6.} Rb8 45. Qc6 {Hoping for d7+.} Rb2+ 46. Kh3 {Threatening mate with Qa8.} Bb6 47. d7+ {White mates.} Ke7 48. Qxg6 Rb4 49. Qe8+ {Weighted Error Value: White=0.39/Black=0.57} 1-0

[Event "Memorijal Nesic Predrag IM 202"]
[Site "Pozarevac"]
[Date "2022.02.11"]
[Round "5.2"]
[White "Kandjolas, Konstantin"]
[Black "Klukin, Kirill"]
[Result "0-1"]
[WhiteElo "2084"]
[BlackElo "2374"]
[Annotator "TA"]
[PlyCount "94"]
[EventDate "2022.02.08"]
[EventType "tourn"]
[EventCountry "SRB"]
[SourceTitle "playchess.com"]
[Source "ChessBase"]
[SourceQuality "1"]

{[%evp 21,94,16,15,0,0,0,0,0,0,0,0,-10,0,-19,-14,-24,0,-14,-3,-4,0,0,0,0,0,0,0,0,0,0,0,0,0,0,0,0,0,0,0,0,0,0,0,0,0,0,0,0,3,0,0,0,0,0,0,0,0,0,0,-8,0,0,0,0,0,0,0,0,0,0,0,0,0,-29980,-29980]} 1. d4 f5 2. Nf3 Nf6 3. g3 e6 4. Bg2 d5 5. O-O Bd6 6. c4 c6 7. b3 Qe7 8. Bb2 b6 9. Nbd2 O-O 10. Qc2 Ne4 11. Ne5 Bb7 12. f3 {A90: Dutch Defence: Miscellaneous and Modern Stonewall (with ...Bd6).} ({Much weaker is} 12. Bxe4 fxe4 13. a3 a5 $15) 12... Nxd2 13. Qxd2 Bxe5 14. dxe5 {The position is equal.} dxc4 15. bxc4 Rd8 {To avoid Qd6} 16. Qc2 c5 {[#]} 17. f4 $146 ({Predecessor:} 17. e3 Nc6 18. Rfd1 Rxd1+ 19. Rxd1 Rd8 {½-½ (19) Ruether,R (2161)-Mittermeier,J (1972) Bayern 2004}) 17... Bxg2 18. Kxg2 Qb7+ 19. Kf2 Nc6 20. Rfd1 Rxd1 21. Rxd1 Rd8 22. Rd6 Rxd6 23. exd6 Qd7 24. Qc3 Na5 25. Qd3 Nb7 26. Be5 Kf8 27. g4 g6 $1 28. gxf5 gxf5 29. e4 fxe4 30. Qxe4 Ke8 31. Qg2 {[%cal Rg2g8] [#]} Kf8 {To avoid Qg8+} 32. Qe4 Qf7 33. Qc6 Nd8 34. Qc7 Ke8 35. Ke3 Qd7 36. Kf3 Nc6 37. Ke4 h5 38. h3 Qxc7 39. dxc7 $11 {[%mdl 4096] Endgame KB-KN} Kd7 40. a3 Nxe5 41. Kxe5 {a4 would kill now.} Kxc7 {White must now prevent ...Kd7.} 42. Kxe6 {Intending f5 and mate. KP-KP} b5 $1 43. Kd5 ({Wrong is} 43. cxb5 $2 c4 44. f5 Kd8 $19) 43... b4 44. axb4 cxb4 45. Kd4 a5 46. f5 {White wants to mate with f6.} a4 {( -> ...a3)} 47. Kd3 $2 {[%mdl 8192] [#]} (47. f6 $11 Kd7 48. c5 (48. Kc5 $2 b3 $19)) 47... Kd6 {Weighted Error Value: White=0.28 (precise) /Black=0.01 (flawless)} 0-1

[Event "Memorijal Nesic Predrag IM 202"]
[Site "Pozarevac"]
[Date "2022.02.11"]
[Round "5.3"]
[White "Sanz Wawer, Daniel"]
[Black "Zlatanovic, Boroljub"]
[Result "0-1"]
[WhiteElo "2371"]
[BlackElo "2338"]
[Annotator "TA"]
[PlyCount "90"]
[EventDate "2022.02.08"]
[EventType "tourn"]
[EventCountry "SRB"]
[SourceTitle "playchess.com"]
[Source "ChessBase"]
[SourceQuality "1"]

{[%evp 18,90,72,70,87,91,89,68,49,0,0,2,20,-12,-16,-29,-16,-25,0,-1,0,-14,-18,-18,0,-45,-50,-27,-16,-50,-25,-49,0,0,0,-41,-36,-35,-29,-51,-52,-53,-49,-104,0,0,0,0,0,-12,0,-23,-17,-99,-108,-135,-72,-150,-135,-141,-135,-212,-196,-191,-184,-322,-300,-549,-540,-599,-590,-1049,-1040,-2387,-2276]} 1. e4 g6 2. d4 Bg7 3. c4 d6 4. Nc3 e5 5. Nge2 Nc6 6. Be3 Nh6 7. f3 f5 8. d5 Ne7 9. Qd2 Nf7 10. O-O-O fxe4 {A42: Modern Defence: Averbakh Variation.} 11. fxe4 ({Much weaker is} 11. Nxe4 Nf5 $11) 11... Ng8 {[%cal Be7g8,Bg8f6,Bf6g4][%mdl 32] [#]} 12. g3 $146 ({Predecessor:} 12. Kb1 Bh6 13. Nc1 Bxe3 14. Qxe3 Nf6 15. Nd3 O-O 16. h3 Nh5 17. Be2 Qh4 18. Bxh5 Qxh5 {0-1 (36) Mueller,L (1950)-Szenetra,W (2152) Erfurt 2008}) 12... Bh6 {White is slightly better.} 13. h4 (13. Kb1 $14) 13... Bxe3 $11 ({Don't take} 13... Bg4 14. Bxh6 Ngxh6 15. Bg2 $14) 14. Qxe3 Nf6 15. Bg2 Ng4 16. Qf3 O-O {White must now prevent ...Nfh6.} 17. Rdf1 $1 Bd7 18. Qd3 Nfh6 19. Qd2 Qe7 20. Nd1 b6 21. h5 (21. Nec3 $11) 21... Rxf1 $15 22. Bxf1 Kg7 23. Ng1 Rf8 (23... Qf7 $5 {[%cal Rf7f1]} 24. Bg2 gxh5 $11) 24. Be2 a5 (24... Qf7 $15) 25. Nf3 Rf6 26. Ng5 (26. hxg6 $11 {should be considered.} Rxg6 27. Nh4) 26... gxh5 27. Rxh5 Rg6 28. Nc3 Nf6 $1 29. Rh1 Nhg8 30. Rg1 {[#]} (30. Qe3 $15) 30... h6 (30... Nxd5 $1 $17 {[%mdl 512]} 31. Nxd5 (31. Ne6+ Bxe6) 31... Qxg5) 31. Nf3 $11 Nh5 32. Qe1 Kh7 33. Nh4 Qg5+ 34. Kb1 Rg7 {[%cal Rh5g3]} 35. Nf5 (35. Bd3 $11) 35... Bxf5 $17 36. exf5 Ngf6 {Prevents Ne4.} ({Black should try} 36... Qxf5+ 37. Ka1 Ngf6) 37. g4 (37. Bd3 $142) 37... Nf4 38. Bf3 Kg8 {Black is more active.} 39. Rh1 (39. Ne4 $17 {was worth a try.} Nxe4 40. Qxe4) 39... Nxg4 $19 40. Bxg4 Qxg4 41. f6 (41. Rxh6 {might work better.} Qxf5+ 42. Qe4 Rg1+ 43. Kc2 Rg2+ 44. Kb3 Qxe4 45. Nxe4) 41... Qf5+ 42. Ne4 $2 (42. Ka1 Qxf6 43. Nb5) 42... Rg4 {Black is clearly winning.} 43. Rf1 Kf7 {Strongly threatening ...Qg6.} 44. Ka1 {[#]} Nd3 $1 {[%csl LRe1,LRe4][%cal Og4e4][%mdl 512]} 45. Qd1 {[#]} (45. Rxf5 Nxe1) 45... Qxf1 $3 {[%mdl 512] Weighted Error Value: White=0.60/Black=0.13 (very precise)} 0-1

[Event "Memorijal Nesic Predrag IM 202"]
[Site "Pozarevac"]
[Date "2022.02.11"]
[Round "5.4"]
[White "Milosevic, Milos"]
[Black "Milanovic, Slavisa"]
[Result "1-0"]
[WhiteElo "2296"]
[BlackElo "2296"]
[Annotator "TA"]
[PlyCount "65"]
[EventDate "2022.02.08"]
[EventType "tourn"]
[EventCountry "SRB"]
[SourceTitle "playchess.com"]
[Source "ChessBase"]
[SourceQuality "1"]

{[%evp 16,65,10,12,-1,-4,15,7,11,8,9,8,17,11,8,11,8,0,0,0,0,0,6,0,0,0,6,0,0,0,36,-14,0,-24,36,12,7,0,103,58,72,76,76,75,200,191,1007,1059,1548,1627,1770,1739]} 1. e4 e6 2. d4 d5 3. Nc3 Bb4 4. e5 c5 5. a3 Bxc3+ 6. bxc3 Ne7 7. Qg4 Qc7 8. Bd3 c4 9. Be2 ({Don't blunder} 9. Qxg7 $2 Rg8 10. Qxh7 cxd3 11. Qxd3 b6 $17) 9... Qa5 {C18: French: 3 Nc3 Bb4: Main line: 7 h4 and 7 Qg4.} 10. Bd2 ({Wrong is} 10. Qxg7 $2 Qxc3+ 11. Bd2 (11. Kf1 $2 Rg8 $19) 11... Qxa1+ $19) 10... Nf5 11. Nf3 {11.h4 gains popularity.} Qa4 {The position is equal.} 12. O-O Nc6 13. Ra2 Bd7 14. Nh4 {[#] Strongly threatening Nxf5.} Nce7 {[#]} 15. Nxf5 $146 ({Predecessor:} 15. Bg5 Rg8 16. Qh5 h6 17. Bd2 Qa5 18. Nf3 Nc8 19. g4 Nfe7 20. Nh4 Nc6 21. Rd1 {1-0 (37) Can,I (2334)-Livaic,L (2467) Zadar 2017}) 15... Nxf5 16. Qh5 Qa5 {[%cal Of5d4]} 17. Rd1 h6 18. g4 Ne7 19. Rb1 b5 20. Qh3 Rb8 21. Kh1 Nc6 {[%cal Oc6d4]} 22. Qe3 Kd8 23. a4 ({White must play} 23. h4 $1 $14) 23... bxa4 $11 24. Rba1 Rf8 ({Black should play} 24... Ne7 $11) 25. Bc1 {[%cal Bd2c1,Bc1a3,Ba3f8,Bf8g7,Bg7f6][%mdl 32]} Ne7 26. Ba3 f5 (26... Rb7 $11 {keeps the balance.}) 27. exf6 ({White should try} 27. Bb4 $16 Qb6 28. g5) 27... Rxf6 $14 {[#]} 28. g5 $1 hxg5 29. Qxg5 Nf5 {Black cannot hold the game after this.} (29... Rf7 $16 {was necessary.}) 30. Bf8 $1 $18 Ke8 $2 (30... Qxc3 $2 31. Bxg7 Nxg7 32. Qxf6+ Kc8 33. Qxg7 $18) (30... Kc8 31. Bxg7 Rf7) 31. Bxg7 {White is clearly winning.} Rf7 32. Bh5 Qd8 33. Bf6 {Weighted Error Value: White=0.08 (flawless) /Black=0.26 (precise)} 1-0